| 000 | 01361nam0a2200325 4500 | ||
|---|---|---|---|
| 001 | RU\NLR\bibl\166179 | ||
| 005 | 20260406052712.0 | ||
| 035 | _a(NLR Aleph) 000163007 | ||
| 090 |
_a937914 _c937914 |
||
| 100 | _a20010628d1997 |||y0rusy50 ca | ||
| 101 | 0 | _arus | |
| 102 | _aRU | ||
| 105 | _ay ||||||||| | ||
| 200 | 1 |
_aЛекарственные растения при кожно-аллергических заболеваниях _eМетод. пособие для врачей и провизоров _fЛ.М. Манойлова, Н.И. Забалуева |
|
| 210 |
_aСПб. _cСПбМАПО _d1997 |
||
| 215 |
_a29,[2] с. _d20 |
||
| 225 | 1 | _aПоследипломное медицинское образование | |
| 320 | _aБиблиогр. в конце кн. | ||
| 606 | 0 |
_aАллергические дерматозы _jМетодические пособия _xФитотерапия _92198027 _3RU\NLR\auth\661320968 |
|
| 686 | _aР601.12-525я8 | ||
| 700 | 1 |
_4070 _8rus _7ca _aМанойлова _bЛ. М. _gЛюбовь Михайловна _3RU\NLR\auth\777616 _9117549 |
|
| 701 | 1 |
_aЗабалуева _bН. И. _4070 |
|
| 801 | 0 |
_aRU _bNLR _c20010628 _gPSBO |
|
| 801 | 1 |
_aRU _bNLR _c20010628 |
|
| 852 |
_aNLR _j2000-4/9309 |
||
| 942 | _cBOOK | ||
| 980 | _aNB | ||